00389nam a2200133Ia 450000500170000000800410001702000150005808200130007310000180008624500420010426000430014630000130018950000530020220250509023526.0240331s9999 xx 000 0 und d a9558534269 bGUNa891 aGunawardena,C 0aAthmaabhimanaya saha athma vishvasaya aNugegodabChamathka Publicationsc2005 a176 p ., aA Book about Self Motivation and self Confidence